[Event "1000th Ann Arbor Open"]
[Site "Ann Arbor, Mich."]
[Date "1983.09.24"]
[Round "2"]
[White "Moody, David"]
[Black "Noren, Kevin"]
[Result "0-1"]
[WhiteElo "1880"]
[BlackElo "2054"]
[PlyCount "28"]
[EventDate "1983.09.24"]

1. e4 e5 2. Nf3 Nc6 3. Nc3 g6 4. d4 exd4 5. Nd5 Bg7 6. Bg5 Nce7 7. Bc4 c6 8.
Nxe7 Nxe7 9. Nxd4 Qa5+ 10. Bd2 Qc5 11. Qe2 Bxd4 12. O-O-O O-O 13. Bh6 Bg7 14.
Bf4 d5 0-1

[Event "1000th Ann Arbor Open"]
[Site "Ann Arbor, Mich."]
[Date "1983.09.25"]
[Round "4"]
[White "Moody, David"]
[Black "O'Donnell, Robert"]
[Result "0-1"]
[WhiteElo "1880"]
[BlackElo "2143"]
[PlyCount "60"]
[EventDate "1983.09.24"]

1. e4 c5 2. Nf3 Nc6 3. d4 cxd4 4. Nxd4 Nf6 5. Nc3 d6 6. Be2 e5 7. Nb3 Be6 8.
Bg5 Be7 9. Qd2 a5 10. Rd1 a4 11. Nc1 O-O 12. a3 Nd4 13. N1a2 Nxe4 14. Nxe4 Bxa2
15. Bd3 Bd5 16. Qe3 Bxg5 17. Nxg5 h6 18. Nh3 Be6 19. Qe4 f5 20. Qxb7 Rb8 21.
Qa7 f4 22. Qxa4 f3 23. Bc4 d5 24. Bf1 Ra8 25. Rxd4 Rxa4 26. Rxa4 e4 27. Rg1
fxg2 28. Bxg2 Qd7 29. Rd4 Bxh3 30. Bxe4 Qe7 0-1

[Event "1000th Ann Arbor Open"]
[Site "Ann Arbor, Mich."]
[Date "1983.09.25"]
[Round "5"]
[White "Moody, David"]
[Black "Kulbacki, Jim"]
[Result "0-1"]
[WhiteElo "1880"]
[BlackElo "2014"]
[PlyCount "48"]
[EventDate "1983.09.24"]

1. e4 e6 2. d3 b5 3. Nf3 Bb7 4. g3 c5 5. Bg2 Nc6 6. O-O Nf6 7. Re1 Be7 8. Nbd2
Qb6 9. e5 Nd5 10. Ne4 f5 11. Nc3 Nxc3 12. bxc3 Qc7 13. Bf4 O-O 14. h4 Nd8 15.
Ng5 Bxg2 16. Qh5 Bxg5 17. hxg5 g6 18. Qh6 Nf7 19. Qh4 Bf3 20. Kh2 Qc6 21. Rh1
a5 22. Rag1 a4 23. g4 fxg4 24. Kg3 Bxh1 0-1

[Event "Region V Open"]
[Site "Lima, Ohio"]
[Date "1983.10.15"]
[Round "2"]
[White "Moody, David"]
[Black "Richard, O'Neal"]
[Result "1-0"]
[WhiteElo "1880"]
[BlackElo "1486"]
[PlyCount "115"]
[EventDate "1983.10.15"]

1. e4 e5 2. Nf3 d6 3. d4 exd4 4. Bc4 Be7 5. O-O Nc6 6. Nxd4 Nxd4 7. Qxd4 Nf6 8.
Bg5 O-O 9. Nc3 Be6 10. Rad1 Ng4 11. Bxe7 Qxe7 12. Nd5 Bxd5 13. Bxd5 c6 14. Bb3
Rad8 15. Rfe1 b6 16. c3 Qe5 17. Qxe5 dxe5 18. f3 Nf6 19. Kf2 Nd7 20. Rd6 Nc5
21. Red1 Rxd6 22. Rxd6 Nxb3 23. axb3 c5 24. Rd7 Ra8 25. Re7 f6 26. Rd7 Kf8 27.
Ke2 Re8 28. Rxa7 Re7 29. Rxe7 Kxe7 30. c4 g6 31. Kd3 f5 32. Kc3 Kd6 33. b4 h5
34. h4 f4 35. bxc5+ Kxc5 36. b4+ Kd6 37. Kd2 Kc6 38. Ke2 Kd6 39. Kf2 Kc6 40. g3
Kd6 41. gxf4 exf4 42. Ke2 Ke5 43. Kd3 Kd6 44. b5 Ke5 45. c5 bxc5 46. b6 Kd6 47.
e5+ Kxe5 48. b7 c4+ 49. Kxc4 g5 50. b8=Q+ Kf6 51. hxg5+ Kxg5 52. Qe5+ Kh4 53.
Qxf4+ Kh3 54. Qg5 h4 55. Kd3 Kh2 56. Ke2 h3 57. Kf1 Kh1 58. Qg1# 1-0

[Event "Region V Open"]
[Site "Lima, Ohio"]
[Date "1983.10.15"]
[Round "1"]
[White "Ginsburg, Jeffrey"]
[Black "Moody, David"]
[Result "1-0"]
[WhiteElo "2256"]
[BlackElo "1880"]
[PlyCount "47"]
[EventDate "1983.10.15"]

1. d4 Nf6 2. c4 c5 3. d5 e6 4. Nc3 exd5 5. cxd5 d6 6. Nf3 g6 7. Nd2 Nbd7 8. e4
Bg7 9. Be2 O-O 10. O-O Re8 11. a4 Ne5 12. h3 g5 13. Nf3 g4 14. hxg4 Nfxg4 15.
Bf4 Nxf3+ 16. Bxf3 Qh4 17. Bxd6 Re5 18. Bxg4 Bxg4 19. f3 Rh5 20. Ne2 Bh6 21.
Ra3 Bh3 22. gxh3 Kh8 23. f4 Rg8+ 24. Kh2 1-0

[Event "Region V Open"]
[Site "Lima, Ohio"]
[Date "1983.10.15"]
[Round "3"]
[White "Adams, Nick"]
[Black "Moody, David"]
[Result "0-1"]
[WhiteElo "1996"]
[BlackElo "1880"]
[PlyCount "84"]
[EventDate "1983.10.15"]

1. Nf3 Nf6 2. b3 g6 3. Bb2 Bg7 4. e3 d6 5. d3 O-O 6. Be2 e5 7. Nbd2 Nbd7 8. O-O
Re8 9. c4 Nf8 10. h3 h5 11. Rc1 Bf5 12. Qc2 N6h7 13. Rfe1 g5 14. e4 Bd7 15. d4
g4 16. hxg4 hxg4 17. Nh2 Qh4 18. g3 Qh5 19. dxe5 Ng5 20. exd6 Nh3+ 21. Kg2 Nxf2
22. Nhf1 Nh1 23. Bxg7 Kxg7 24. Nh2 Nf2 25. Qc3+ f6 26. Qe3 Nxe4 27. Nxe4 Rxe4
28. Bxg4 Rxg4 29. Nxg4 Bc6+ 30. Kf2 Qxg4 31. dxc7 Ng6 32. Rcd1 Qf5+ 33. Kg1 Rh8
34. Rd5 Bxd5 35. cxd5 Qxd5 36. Qc1 Rh1+ 37. Kf2 Rh2+ 38. Ke3 Ne5 39. Rd1 Ng4+
40. Kf4 Rf2+ 41. Kxg4 Qf5+ 42. Kh4 Rh2# 0-1

[Event "Region V Open"]
[Site "Lima, Ohio"]
[Date "1983.10.16"]
[Round "4"]
[White "Moody, David"]
[Black "Johns, Michael"]
[Result "1-0"]
[WhiteElo "1880"]
[BlackElo "1818"]
[PlyCount "57"]
[EventDate "1983.10.15"]

1. e4 Nc6 2. Nc3 d6 3. d4 e5 4. Nf3 Bg4 5. Bb5 exd4 6. Qxd4 Bxf3 7. gxf3 Qd7 8.
Qa4 Nge7 9. Nd5 a6 10. Bg5 Rb8 11. Bxe7 axb5 12. Bxf8 bxa4 13. Bxg7 Qh3 14.
Bxh8 Qxf3 15. Kd2 Qxf2+ 16. Kc3 b5 17. Raf1 Qe2 18. a3 Qc4+ 19. Kd2 Kd7 20.
Rxf7+ Ke6 21. Rhf1 Rxh8 22. Nxc7+ Ke5 23. R7f5+ Kd4 24. c3+ Qxc3+ 25. bxc3+ Kc4
26. Kc2 Ne5 27. Rxe5 dxe5 28. Rf6 Kc5 29. Na6+ 1-0

[Event "Region V Open"]
[Site "Lima, Ohio"]
[Date "1983.10.16"]
[Round "5"]
[White "Jones, Curt"]
[Black "Moody, David"]
[Result "1-0"]
[WhiteElo "2295"]
[BlackElo "1880"]
[PlyCount "107"]
[EventDate "1983.10.15"]

1. e4 e5 2. Bc4 Nf6 3. d3 Nc6 4. Nf3 Bc5 5. c3 d6 6. O-O O-O 7. Re1 Bg4 8. Nbd2
Na5 9. Bb5 a6 10. Ba4 b5 11. Bc2 Bb6 12. h3 Bh5 13. Nf1 c5 14. Ng3 Bg6 15. d4
Qc7 16. dxe5 dxe5 17. Nh4 Rad8 18. Qe2 c4 19. Bg5 Nb7 20. Nhf5 Nc5 21. Bxf6
gxf6 22. Ne3 Kh8 23. Rad1 Ne6 24. Qf3 Nf4 25. Nd5 Rxd5 26. Rxd5 Nxd5 27. exd5
Qd6 28. Nf5 Qc5 29. Rd1 Rg8 30. Be4 Qf8 31. d6 Bxf5 32. Qxf5 Qg7 33. d7 Qg6 34.
Qf3 Qg5 35. Kf1 Rd8 36. Ke2 Kg7 37. g4 h6 38. Bb7 Qg6 39. Qe4 Qxe4+ 40. Bxe4
Kf8 41. Bb7 a5 42. Ba6 b4 43. Bxc4 Ke7 44. Bb5 bxc3 45. bxc3 Rb8 46. a4 Bd8 47.
c4 Bc7 48. c5 Bd8 49. Kd3 Bc7 50. Kc4 Bd8 51. Kd5 Bc7 52. Kc6 Bd8 53. Rd3 Kf8
54. Re3 1-0

[Event "Super Tornado #1"]
[Site "Ann Arbor, Mich."]
[Date "1983.10.29"]
[Round "4"]
[White "Moody, David"]
[Black "Baze, Lineas"]
[Result "1/2-1/2"]
[WhiteElo "1916"]
[BlackElo "2059"]
[PlyCount "80"]
[EventDate "1983.10.29"]

1. e4 c5 2. Nf3 e6 3. d3 d5 4. Nbd2 Nc6 5. g3 e5 6. Bg2 Bg4 7. h3 Be6 8. O-O d4
9. Nc4 f6 10. Nh4 Qd7 11. Kh2 O-O-O 12. f4 b5 13. Na3 a6 14. f5 Bf7 15. Qe2 g5
16. fxg6 hxg6 17. Bf3 Be6 18. Qg2 Nge7 19. Bd2 Bh6 20. Bxh6 Rxh6 21. Rac1 Rdh8
22. c3 dxc3 23. Rxc3 Bxh3 24. Qxh3 Qxh3+ 25. Kxh3 b4 26. Rxc5 bxa3 27. Kg2 g5
28. Nf5 Rh2+ 29. Kg1 Kd7 30. Nxe7 Nxe7 31. bxa3 Rxa2 32. Ra5 Nc6 33. Rxa6 Nd4
34. Bg4+ Ke7 35. Raxf6 Rhh2 36. Rf7+ Kd6 37. Rc1 Ne2+ 38. Bxe2 Rhxe2 39. Rfc7
Rg2+ 40. Kf1 Raf2+ 1/2-1/2

[Event "Super Tornado #1"]
[Site "Ann Arbor, Mich."]
[Date "1983.10.29"]
[Round "1"]
[White "Haakonstad, Olaf"]
[Black "Moody, David"]
[Result "0-1"]
[WhiteElo "1584"]
[BlackElo "1916"]
[PlyCount "50"]
[EventDate "1983.10.29"]

1. e4 e5 2. Nf3 Nc6 3. Bb5 a6 4. Ba4 Nf6 5. O-O Be7 6. Re1 b5 7. Bb3 O-O 8. c3
d5 9. exd5 Nxd5 10. Nxe5 Nxe5 11. Rxe5 c6 12. d4 Bd6 13. Re1 Qh4 14. g3 Qh3 15.
Qd3 Bf5 16. Qf1 Qh5 17. Nd2 Rae8 18. c4 Bh3 19. Bd1 Qf5 20. Bc2 Qxc2 21. Qxh3
Rxe1+ 22. Kg2 Nb4 23. Qd7 Qd1 24. Nf3 Rh1 25. Qxd6 Qf1# 0-1

[Event "Super Tornado #1"]
[Site "Ann Arbor, Mich."]
[Date "1983.10.29"]
[Round "5"]
[White "Frohman, Thomas"]
[Black "Moody, David"]
[Result "0-1"]
[WhiteElo "1652"]
[BlackElo "1916"]
[PlyCount "34"]
[EventDate "1983.10.29"]

1. d4 Nf6 2. c4 c5 3. d5 e6 4. Nc3 exd5 5. cxd5 d6 6. e4 g6 7. Be2 Bg7 8. Nf3
O-O 9. Nd2 Nbd7 10. f4 Re8 11. Qc2 Nb6 12. O-O Qc7 13. Kh1 Qe7 14. Re1 Ng4 15.
Nd1 Nxh2 16. Kxh2 Qh4+ 17. Kg1 Bd4+ 0-1

[Event "WMU Open"]
[Site "Kalamazoo, Mich."]
[Date "1983.11.19"]
[Round "2"]
[White "Moody, David"]
[Black "Wygrecki, John"]
[Result "1/2-1/2"]
[WhiteElo "1916"]
[BlackElo "2043"]
[PlyCount "93"]
[EventDate "1983.11.19"]

1. e4 c5 2. Nf3 e6 3. d3 d5 4. Nbd2 Nc6 5. g3 d4 6. a4 e5 7. Nc4 f6 8. Nfd2 Nh6
9. Bh3 Bxh3 10. Qh5+ Nf7 11. Qxh3 Nb4 12. Na3 Ng5 13. Qh5+ g6 14. Qe2 Bd6 15.
Ndc4 Ne6 16. Bh6 Bf8 17. Bxf8 Kxf8 18. O-O Kg7 19. f4 exf4 20. gxf4 a6 21. f5
Ng5 22. e5 Nc6 23. fxg6 fxe5 24. Nxe5 Qd5 25. Nf3 hxg6 26. Nxg5 Qxg5+ 27. Kh1
Rae8 28. Qf2 Ne5 29. Nc4 Nf3 30. Qxf3 Rxh2+ 31. Kxh2 Rh8+ 32. Qh3 Rxh3+ 33.
Kxh3 b5 34. axb5 axb5 35. Ra7+ Kh6 36. Na3 Qe3+ 37. Kg4 Qe6+ 38. Kg3 c4 39.
Raf7 c3 40. bxc3 dxc3 41. R1f4 b4 42. Nc4 b3 43. d4 bxc2 44. Ne5 Qxe5 45. dxe5
c1=Q 46. Rh4+ Kg5 47. Rg4+ 1/2-1/2

[Event "WMU Open"]
[Site "Kalamazoo, Mich."]
[Date "1983.11.19"]
[Round "4"]
[White "LaMar, Frank"]
[Black "Moody, David"]
[Result "0-1"]
[WhiteElo "1982"]
[BlackElo "1916"]
[PlyCount "72"]
[EventDate "1983.11.19"]

1. e4 e5 2. Nf3 Nc6 3. Bc4 Bc5 4. c3 Nf6 5. d4 exd4 6. cxd4 Bb4+ 7. Bd2 Bxd2+
8. Nbxd2 d5 9. exd5 Nxd5 10. O-O O-O 11. Re1 Bg4 12. h3 Bh5 13. Be2 Nf4 14. Nb3
Qf6 15. Nc5 Nxe2+ 16. Rxe2 Bxf3 17. gxf3 Nxd4 18. Re3 Rad8 19. Nd3 Rd5 20. f4
Rfd8 21. Qe1 Qg6+ 22. Kh2 f6 23. Rg3 Qh5 24. Qe7 Nf5 25. Qe6+ Kf8 26. Nb4 R5d6
27. Qb3 Nxg3 28. Qxg3 Rd2 29. Rg1 Qh6 30. f5 c5 31. Rc1 cxb4 32. Rf1 R2d3 33.
Qg2 Qf4+ 34. Kh1 Rf3 35. Rg1 Rd7 36. Rf1 Rdd3 0-1

[Event "WMU Open"]
[Site "Kalamazoo, Mich."]
[Date "1983.11.19"]
[Round "1"]
[White "Hammerberg, Jeffrey"]
[Black "Moody, David"]
[Result "0-1"]
[WhiteElo "1433"]
[BlackElo "1916"]
[PlyCount "108"]
[EventDate "1983.11.19"]

1. e4 e5 2. Nf3 f5 3. Bc4 b5 4. Bxb5 fxe4 5. Nxe5 Qg5 6. d4 Qxg2 7. Rf1 Nf6 8.
Bc4 d5 9. Bb5+ c6 10. Ba4 Bd6 11. Bf4 Bxe5 12. Bxe5 Ba6 13. Nd2 e3 14. fxe3 Ng4
15. Qf3 Bxf1 16. Qxf1 Qxf1+ 17. Nxf1 Nxe5 18. dxe5 Kd7 19. O-O-O Na6 20. Rxd5+
Ke6 21. Ra5 Nb8 22. Ng3 Rf8 23. Ne4 Rf5 24. Bb3+ Ke7 25. Nd6 Rf1+ 26. Kd2 Nd7
27. Ne4 Rf5 28. Ba4 Rxe5 29. Rxe5+ Nxe5 30. Ke2 Rb8 31. Bb3 Rb4 32. Nf2 Rh4 33.
h3 c5 34. c3 c4 35. Bc2 h5 36. e4 g5 37. Ke3 Kd6 38. b3 Kc5 39. b4+ Kd6 40. a4
Kc6 41. a5 Kd6 42. Bb1 Rf4 43. Bc2 Rf3+ 44. Ke2 Rxc3 45. Ba4 g4 46. hxg4 hxg4
47. Nd1 Rf3 48. Ne3 Rh3 49. Bb5 c3 50. Nf5+ Kc7 51. Ba4 g3 52. Ne3 Rh2+ 53. Kf1
Rf2+ 54. Ke1 Nd3+ 0-1

[Event "WMU Open"]
[Site "Kalamazoo, Mich."]
[Date "1983.11.20"]
[Round "4"]
[White "Thompson, Dexter"]
[Black "Moody, David"]
[Result "1-0"]
[WhiteElo "2105"]
[BlackElo "1916"]
[PlyCount "47"]
[EventDate "1983.11.19"]

1. e4 e5 2. Nf3 Nc6 3. d4 exd4 4. c3 Qe7 5. Bd3 d5 6. O-O dxe4 7. Bxe4 Be6 8.
Bxc6+ bxc6 9. Nxd4 Qd7 10. Re1 Nf6 11. Qf3 Bd6 12. Bg5 O-O 13. Qxc6 Qxc6 14.
Nxc6 Bd5 15. Ne7+ Bxe7 16. Rxe7 Rfe8 17. Rxe8+ Rxe8 18. Nd2 Re2 19. Be3 Be4 20.
h3 Bg6 21. Rd1 Nd5 22. Nf3 Be4 23. Ng5 Bxg2 24. c4 1-0

[Event "WMU Open"]
[Site "Kalamazoo, Mich."]
[Date "1983.11.20"]
[Round "5"]
[White "Moody, David"]
[Black "Miller, Dennis"]
[Result "0-1"]
[WhiteElo "1916"]
[BlackElo "1970"]
[PlyCount "90"]
[EventDate "1983.11.19"]

1. e4 c5 2. Nf3 d6 3. b4 cxb4 4. d4 g6 5. Bb2 Bg7 6. Nbd2 Nc6 7. Bd3 Bg4 8. h3
Bxf3 9. Nxf3 e6 10. Qe2 Nge7 11. g4 Qb6 12. O-O-O a5 13. Bc4 O-O 14. h4 h6 15.
h5 g5 16. Qe3 Bf6 17. Nxg5 hxg5 18. f4 Nxd4 19. fxg5 Nb3+ 20. Qxb3 Bxg5+ 21.
Kb1 a4 22. h6 e5 23. Qg3 Kh7 24. Rh5 f6 25. Bc1 Bxc1 26. Kxc1 b3 27. cxb3 axb3
28. Bxb3 Rfc8+ 29. Kb1 Qb4 30. Rh3 Qxe4+ 31. Qd3 Qxd3+ 32. Rhxd3 d5 33. Bxd5
Nxd5 34. Rxd5 Kxh6 35. Rf1 Ra6 36. Rd7 Rb6+ 37. Ka1 Rc2 38. Rf7 Kg6 39. Re7
Rbb2 40. a4 Ra2+ 41. Kb1 Rcb2+ 42. Kc1 Rg2 43. Rxb7 Ra1+ 44. Rb1 Rxb1+ 45. Kxb1
Rxg4 0-1

[Event "Motor City Open"]
[Site "East Detroit, Mich."]
[Date "1983.11.25"]
[Round "1"]
[White "Richard, O'Neal"]
[Black "Moody, David"]
[Result "0-1"]
[WhiteElo "1486"]
[BlackElo "1916"]
[PlyCount "78"]
[EventDate "1983.11.25"]

1. f4 e5 2. fxe5 d6 3. exd6 Bxd6 4. Nf3 g5 5. g3 g4 6. Nh4 Ne7 7. d3 Ng6 8. Ng2
h5 9. Be3 h4 10. gxh4 Nxh4 11. Bf2 g3 12. Bd4 Nxg2+ 13. Bxg2 Rxh2 14. Rxh2 gxh2
15. Bf2 Qg5 16. Bh1 Qg1+ 17. Kd2 Qxf2 18. c3 Nc6 19. Na3 Bg4 20. Nb5 Bf4+ 21.
Kc2 Bxe2 22. Qe1 Qe3 23. Be4 O-O-O 24. a4 a5 25. Qh4 Bxd3+ 26. Bxd3 Qxd3+ 27.
Kb3 Qd5+ 28. c4 Qf3+ 29. Nc3 Be5 30. Re1 Rh8 31. Qg5 h1=Q 32. Rxh1 Rxh1 33.
Qg8+ Kd7 34. Qg5 Bxc3 35. bxc3 Rb1+ 36. Ka2 Nb4+ 37. Kxb1 Qd3+ 38. Kb2 Qc2+ 39.
Ka3 Qa2# 0-1

[Event "Motor City Open"]
[Site "East Detroit, Mich."]
[Date "1983.11.26"]
[Round "4"]
[White "Moody, David"]
[Black "Banish, Keith"]
[Result "1-0"]
[WhiteElo "1916"]
[BlackElo "1548"]
[PlyCount "49"]
[EventDate "1983.11.25"]

1. e4 d6 2. Nf3 Nf6 3. c3 g6 4. Bd3 Bg7 5. Bc2 c5 6. d3 O-O 7. Bg5 Bg4 8. h3
Bxf3 9. Qxf3 Nc6 10. Nd2 Qc7 11. Qe3 b5 12. f4 b4 13. Bb3 bxc3 14. bxc3 e6 15.
O-O a5 16. f5 exf5 17. exf5 Rfe8 18. Qg3 Nh5 19. Qh4 Qa7 20. Bd5 Ne5 21. fxg6
hxg6 22. g4 Nxd3 23. gxh5 c4+ 24. Kh1 Ne5 25. hxg6 1-0

[Event "Motor City Open"]
[Site "East Detroit, Mich."]
[Date "1983.11.26"]
[Round "3"]
[White "Finegold, Ben"]
[Black "Moody, David"]
[Result "1-0"]
[WhiteElo "2182"]
[BlackElo "1916"]
[PlyCount "29"]
[EventDate "1983.11.25"]

1. e4 e5 2. Nf3 Nc6 3. c3 f5 4. exf5 e4 5. Nd4 Nxd4 6. Qh5+ g6 7. fxg6 Nf6 8.
g7+ Nxh5 9. gxh8=Q Nc2+ 10. Kd1 Nf6 11. Kxc2 d5 12. Be2 Be6 13. g4 d4 14. d3
Bc4 15. Rd1 1-0

[Event "Motor City Open"]
[Site "East Detroit, Mich."]
[Date "1983.11.27"]
[Round "6"]
[White "Moody, David"]
[Black "Decker, Dale"]
[Result "1-0"]
[WhiteElo "1916"]
[BlackElo "1818"]
[PlyCount "67"]
[EventDate "1983.11.25"]

1. e4 d6 2. Nf3 Nf6 3. c3 g6 4. Bd3 Bg7 5. Bc2 c5 6. d3 O-O 7. Bg5 h6 8. Bh4 b5
9. O-O Nc6 10. d4 Bg4 11. Qd3 c4 12. Qe2 d5 13. e5 Nh5 14. h3 Bd7 15. Qe3 Bf5
16. Bxf5 gxf5 17. g4 fxg4 18. hxg4 Qd7 19. gxh5 b4 20. Kh2 bxc3 21. Nxc3 Kh7
22. Rae1 Nb4 23. e6 fxe6 24. Ne5 Bxe5+ 25. Qxe5 Rf5 26. Qxf5+ exf5 27. Rxe7+
Qxe7 28. Bxe7 Nd3 29. Nxd5 Rb8 30. Rg1 Nxf2 31. Nf6+ Kh8 32. Bd6 Ng4+ 33. Nxg4
fxg4 34. Bxb8 1-0

[Event "Motor City Open"]
[Site "East Detroit, Mich."]
[Date "1983.11.27"]
[Round "5"]
[White "Arganian, David G"]
[Black "Moody, David"]
[Result "1-0"]
[WhiteElo "2140"]
[BlackElo "1916"]
[PlyCount "51"]
[EventDate "1983.11.25"]

1. e4 e5 2. Nf3 Nc6 3. Bb5 a6 4. Bxc6 dxc6 5. O-O Qd6 6. d3 Bg4 7. Be3 O-O-O 8.
Nbd2 f6 9. Nc4 Qd7 10. Qe2 Ne7 11. Rfd1 Ng6 12. g3 Qf7 13. Ncxe5 Nxe5 14. Nxe5
fxe5 15. Qxg4+ Kb8 16. a3 Be7 17. Re1 h5 18. Qe2 g5 19. Rad1 g4 20. d4 Rdf8 21.
dxe5 h4 22. Qxg4 hxg3 23. fxg3 Qh7 24. Qe2 Rfg8 25. Qg2 Bf8 26. Rd8# 1-0

[Event "Plymouth (MI Op/1b/26)"]
[Site "?"]
[Date "1984.??.??"]
[Round "?"]
[White "Zorn, G.."]
[Black "Wynn, M.."]
[Result "1/2-1/2"]
[WhiteElo "1605"]
[BlackElo "1635"]
[PlyCount "51"]
[EventDate "1984.??.??"]

1. e4 c6 2. d4 d5 3. e5 e6 4. Bd3 c5 5. c3 cxd4 6. cxd4 Nc6 7. Ne2 Bb4+ 8. Bd2
Qb6 9. Bxb4 Nxb4 10. b3 Bd7 11. Nbc3 Ne7 12. a3 Nbc6 13. Bc2 Rc8 14. Qd3 Nf5
15. Rd1 Ncxd4 16. Nxd4 Nxd4 17. Qxd4 Qxd4 18. Rxd4 Rxc3 19. Kd2 Rc7 20. Rc1 Ke7
21. Bd3 Rxc1 22. Kxc1 Rc8+ 23. Kd2 a5 24. Rh4 h6 25. Rg4 Rg8 26. Bh7 1/2-1/2

[Event "Plymouth (MI Op/3/74)"]
[Site "?"]
[Date "1984.??.??"]
[Round "?"]
[White "Zorn, G.."]
[Black "Gaiefsky, Mike"]
[Result "0-1"]
[WhiteElo "1605"]
[BlackElo "1835"]
[PlyCount "59"]
[EventDate "1984.??.??"]

{3/(74)} 1. e4 e6 2. d4 d5 3. f3 dxe4 4. fxe4 Qh4+ 5. Ke2 Qxe4+ 6. Be3 Nf6 7.
Nc3 Qf5 8. Nf3 Nc6 9. a3 b6 10. Ke1 Bb7 11. Bd3 Qg4 12. Qe2 Rd8 13. Bb5 a6 14.
Bxa6 Bxa6 15. Qxa6 Qxg2 16. Qf1 Qxc2 17. Qb5 Rd6 18. Ne5 Qf5 19. Rc1 Qh3 20.
Ke2 Be7 21. Nxc6 Qg2+ 22. Kd3 Qxc6 23. Bf4 O-O 24. Bxd6 Qxd6 25. Qe5 Qd7 26.
Rhg1 g6 27. Ne4 Nd5 28. Rgf1 Qb5+ 29. Kd2 Qxb2+ 30. Kd1 0-1

[Event "Plymouth (MI Op/5/83)"]
[Site "?"]
[Date "1984.??.??"]
[Round "?"]
[White "Zorn, G.."]
[Black "Carpenter, T.."]
[Result "1-0"]
[WhiteElo "1605"]
[BlackElo "1605"]
[PlyCount "73"]
[EventDate "1984.??.??"]

{5/(83)} 1. e4 g6 2. d4 Nf6 3. Nc3 Bg7 4. Be3 O-O 5. Be2 d6 6. h3 e5 7. dxe5
dxe5 8. Qxd8 Rxd8 9. Nf3 Nc6 10. O-O Nb4 11. Rac1 b6 12. a3 Na6 13. Rfd1 Bb7
14. Bd3 Nc5 15. Bxc5 bxc5 16. Nd2 Bh6 17. Rb1 Rd4 18. f3 Bf4 19. Kf2 a5 20. Ne2
Bg5 21. Nxd4 cxd4 22. Nc4 Nd7 23. g3 Bf6 24. h4 Nb6 25. Nxb6 cxb6 26. Rh1 Ba6
27. Bxa6 Rxa6 28. Rbc1 Be7 29. c3 a4 30. cxd4 exd4 31. Rc4 Bc5 32. Ke2 Ra8 33.
h5 g5 34. g4 h6 35. Kd3 Re8 36. Rb1 b5 37. Rxc5 1-0

[Event "Midwest Masters-B"]
[Site "Chicago"]
[Date "1984.??.??"]
[Round "2"]
[White "Zelkind, Eduard"]
[Black "Finegold, Ben"]
[Result "1/2-1/2"]
[WhiteElo "2410"]
[BlackElo "2305"]
[PlyCount "37"]
[EventDate "1984.??.??"]

1. c4 e6 2. Nf3 Nf6 3. g3 d5 4. Bg2 Be7 5. O-O O-O 6. b3 a5 7. Bb2 a4 8. bxa4
c6 9. Qb3 Nbd7 10. Nc3 Nc5 11. Qc2 Qa5 12. Ng5 d4 13. Nce4 Nfxe4 14. Nxe4 e5
15. Nxc5 Bxc5 16. Qe4 Qxd2 17. Bc1 Qc3 18. Qxe5 Qxc4 19. Bf4 1/2-1/2

[Event "Plymouth (MI Op/2/50)"]
[Site "?"]
[Date "1984.??.??"]
[Round "?"]
[White "Yuhas, L.."]
[Black "Shaler, Terri"]
[Result "0-1"]
[WhiteElo "1785"]
[BlackElo "1605"]
[PlyCount "66"]
[EventDate "1984.??.??"]

{2/(50)} 1. e4 e5 2. Nc3 Nf6 3. f4 exf4 4. d4 Bb4 5. Bd3 Qe7 6. Qe2 Nc6 7. Nf3
d6 8. O-O Bg4 9. Qf2 Bxf3 10. gxf3 Nxd4 11. Nd5 Nxd5 12. exd5 Bc5 13. Kh1 Nb3
14. Qg2 Nxa1 15. Bb5+ Kd8 16. Qxg7 Qf8 17. Qf6+ Kc8 18. Qf5+ Kb8 19. Bxf4 Qg7
20. Ba4 Rg8 21. Bg3 Qxb2 22. Re1 b5 23. c4 a6 24. cxb5 Ka7 25. Rb1 Qxa2 26. b6+
Bxb6 27. Rxb6 Kxb6 28. Qe4 Rab8 29. Bc6 Qb2 30. Qe3+ Ka5 31. Be1+ Rb4 32. Bxb4+
Qxb4 33. Qf2 Qb1+ 0-1

[Event "Plymouth (MI Op/4/60)"]
[Site "?"]
[Date "1984.??.??"]
[Round "?"]
[White "Yuhas, L.."]
[Black "Rankin, H.."]
[Result "1-0"]
[WhiteElo "1785"]
[BlackElo "1605"]
[PlyCount "55"]
[EventDate "1984.??.??"]

{4/(60)} 1. e4 c6 2. f4 d5 3. e5 Bf5 4. d4 e6 5. Nf3 Nd7 6. Nbd2 c5 7. c3 a6 8.
Be2 Ne7 9. O-O h6 10. Nb3 c4 11. Nc5 Nxc5 12. dxc5 Qc7 13. Be3 Nc6 14. b4 cxb3
15. axb3 Be7 16. b4 O-O 17. Qa4 Rfd8 18. Rfd1 Na7 19. Nd4 Bh7 20. Bd3 Bxd3 21.
Rxd3 Nb5 22. Nf3 Na7 23. Nd4 Bf8 24. Rdd1 Nc8 25. Ra2 b5 26. Qa5 Qxa5 27. Rxa5
Ne7 28. Rda1 1-0

[Event "Plymouth (MI Op/6/44)"]
[Site "?"]
[Date "1984.??.??"]
[Round "?"]
[White "Yuhas, L.."]
[Black "Perczak, M.."]
[Result "1-0"]
[WhiteElo "1785"]
[BlackElo "1605"]
[PlyCount "39"]
[EventDate "1984.??.??"]

{6/(44)} 1. e4 e5 2. Nc3 Nf6 3. f4 Nc6 4. Nf3 d6 5. Bc4 Bg4 6. O-O Nd4 7. fxe5
dxe5 8. Bxf7+ Kxf7 9. Nxe5+ Ke8 10. Nxg4 Nxg4 11. Qxg4 Nxc2 12. Rb1 Nd4 13. d3
g6 14. Nd5 Bg7 15. Bg5 Qd6 16. Rbc1 c6 17. Bf4 Be5 18. Bxe5 Qxe5 19. Nf6+ Ke7
20. Qd7+ 1-0

[Event "Plymouth (MI Op/4/41)"]
[Site "?"]
[Date "1984.??.??"]
[Round "?"]
[White "Youssef, I.."]
[Black "Teismann, J.."]
[Result "1-0"]
[WhiteElo "2115"]
[BlackElo "1725"]
[PlyCount "75"]
[EventDate "1984.??.??"]

{4/(41)} 1. c4 Nf6 2. Nc3 g6 3. g3 Bg7 4. Bg2 O-O 5. Nf3 c6 6. e4 d6 7. d4 Nbd7
8. O-O e5 9. d5 cxd5 10. cxd5 Nc5 11. Ne1 Nh5 12. b4 Na6 13. b5 Nc5 14. Nd3 b6
15. Nb4 f5 16. Nc6 Qc7 17. Ba3 fxe4 18. Nxe4 Nf6 19. Ng5 Bg4 20. f3 Bf5 21. Ne6
Bxe6 22. dxe6 a6 23. Bxc5 bxc5 24. e7 Rfe8 25. Qb3+ d5 26. a4 c4 27. Qb4 Nd7
28. Rad1 a5 29. Qd2 Nb6 30. f4 e4 31. f5 Qd6 32. Qf2 d4 33. f6 Bxf6 34. Qxf6
Qxf6 35. Rxf6 c3 36. Bxe4 Nd7 37. Rd6 Nc5 38. R1xd4 1-0

[Event "Plymouth (MI Op/2/11)"]
[Site "?"]
[Date "1984.??.??"]
[Round "?"]
[White "Youssef, I.."]
[Black "Smith, Walt"]
[Result "1/2-1/2"]
[WhiteElo "2115"]
[BlackElo "1980"]
[PlyCount "41"]
[EventDate "1984.??.??"]

{2/(11)} 1. c4 Nf6 2. Nc3 e6 3. Nf3 c5 4. g3 Nc6 5. Bg2 Be7 6. O-O O-O 7. Rb1
a6 8. d4 cxd4 9. Nxd4 Qc7 10. e4 d6 11. Nxc6 bxc6 12. b4 Rb8 13. Qd3 Rd8 14. b5
axb5 15. cxb5 cxb5 16. Nxb5 Qa5 17. Bd2 Qxa2 18. Ra1 Qb2 19. Nd4 Bb7 20. Rfb1
Ba6 21. Qxa6 1/2-1/2

[Event "Plymouth (MI Op/6/14)"]
[Site "?"]
[Date "1984.??.??"]
[Round "?"]
[White "Youssef, I.."]
[Black "Mason, D.."]
[Result "1-0"]
[WhiteElo "2115"]
[BlackElo "1955"]
[PlyCount "81"]
[EventDate "1984.??.??"]

{6/(14)} 1. c4 Nf6 2. Nc3 e6 3. e4 d5 4. cxd5 exd5 5. e5 Ne4 6. Nxe4 dxe4 7.
Qa4+ Bd7 8. Qxe4 Bc6 9. Qe3 Bb4 10. Nf3 O-O 11. Bc4 Bd5 12. Bxd5 Qxd5 13. O-O
Nc6 14. Rd1 Rad8 15. Qb3 Qxb3 16. axb3 Rd3 17. Kf1 Rfd8 18. Re1 a5 19. Re3 R3d5
20. Ke2 Ne7 21. Re4 c5 22. g4 h6 23. h4 Nc6 24. g5 hxg5 25. hxg5 Re8 26. d3
Red8 27. Re3 b6 28. e6 Kf8 29. exf7 Kxf7 30. Bd2 Bxd2 31. Kxd2 Nb4 32. Ne5+ Kg8
33. f4 Rd4 34. Rf1 b5 35. f5 c4 36. f6 g6 37. f7+ Kg7 38. Rf6 R4d6 39. f8=Q+
Rxf8 40. Rxd6 Rf2+ 41. Re2 1-0

[Event "East Detroit (MCO/5/33)"]
[Site "?"]
[Date "1984.??.??"]
[Round "?"]
[White "Yee, T.."]
[Black "Schmidt, M.."]
[Result "0-1"]
[WhiteElo "1605"]
[BlackElo "1640"]
[PlyCount "67"]
[EventDate "1984.??.??"]

{5/(33)} 1. d4 e6 2. a3 Nf6 3. Bg5 Be7 4. h4 h6 5. Bf4 Nc6 6. Nf3 Nh5 7. e3
Nxf4 8. exf4 d5 9. Bb5 Bd7 10. Nc3 a6 11. Ba4 Rb8 12. Qd3 Bf6 13. g4 b5 14. Bb3
Na5 15. Ne5 Bxh4 16. Nxd7 Kxd7 17. f5 Nxb3 18. cxb3 Qf6 19. O-O-O Bg5+ 20. Kb1
c6 21. b4 exf5 22. Qxf5+ Qxf5+ 23. gxf5 Rbe8 24. Rhe1 Rxe1 25. Rxe1 Re8 26. Re2
Rxe2 27. Nxe2 Bh4 28. f3 Ke7 29. Nc1 Bf2 30. Nb3 h5 31. Na5 Kd7 32. Nb7 Bxd4
33. Nc5+ Bxc5 34. bxc5 0-1